00892nam a2200145Ia 4500008004100000020001500041050002700056100005000083245008100133260005600214300004000270500011600310505027300426650004700699120720s1997 mx a 000 0 spa d a9701700511 aQH308.2 bG35 1997 V.1 aGama Fuertes, María de los Ángelesdautor aBiología I b : nivel bachilleratoc / María de los Angeles Gama Fuertes aMéxicob : Prentice Hall Hispanoamericanac, 1997 axi, 182 páginasb : ilustraciones aIncluye: lecturas adicionales sugeridas (p.165) Incluye: glosario (pp. 167-176) Incluye: índice (pp. 179-182) a¿Cómo se originó la vida, cuáles son las características de los seres vivos y cómo se estudian? ¿Qué es la célula, cómo funciona, cómo ha evolucionado y qué significado tiene para los seres vivos ? ¿Cómo surge la diversidad de los seres vivos? 0aBIOLOGIAxESTUDIO Y ENSEÑANZA (SUPERIOR)